00403nam a22001452 4500001001100000005001700011008004100028040001500069050001800084100003000102245004100132260003000173300001100203650004300214000000118620151217155807.0070227s xx 000 0 eng d aKABUcKABU 0aBR115b.P7T391 aTaylor, J. V.@000014976110aChristianity and politics in Africa. aLondon :bPenguin,c1957. a127 p. 0aChristianity and politics.@0000149762